000 00463nam a2200181Ia 4500
001 2456
005 20260306144808.0
008 260306t2012||||xx |||||||||||||| ||spa||
041 _aESP
082 _a616.89
_bT41
100 _aTerol Cantero, María del Carmen
_eAUT
245 0 _aManual de evaluación psicosocial en contextos de salud
260 _c2012
300 _a197 páginas :
_c24 cm.
650 _aGEN
654 _aCPS
942 _cLIB
_dJUS
_fJUS
_2ddc
_n
999 _c2456
_d2456